| 000 | 00546nam a2200193Ia 4500 | ||
|---|---|---|---|
| 003 | IN-BaIIA | ||
| 008 | 211028s9999 xx 000 0 eng d | ||
| 020 | _a0-7923-6928-9 | ||
| 040 | _cIIA Library | ||
| 080 |
_a52(082.1) _bASS-260 |
||
| 100 |
_aMiroshnichenko, Leonty I _925928 |
||
| 245 | 0 |
_aSolar cosmic rays _cLeonty I. Miroshnichenko, |
|
| 260 |
_aDordrecht _bKluwer Academic _c2001 |
||
| 300 | _axi, 480p. | ||
| 490 | _aAstrophysics and space science library; v. 260 | ||
| 650 | _aCosmic rays | ||
| 650 | _aSolar system | ||
| 942 | _cBK | ||
| 999 |
_c14578 _d14578 |
||